Asian business & management

Salvato in:
Dettagli Bibliografici
Natura: Periodico
Lingua:inglese
Pubblicazione: New York Palgrave Macmillan 2017
Tags: Aggiungi Tag
Nessun Tag, puoi essere il primo ad aggiungerne!!

MARC

LEADER 00000nas2a2200000 4500
001 0234314
005 20220228152534.2
022 |a 1472-4782 
041 0 |a eng 
044 |a US 
245 1 0 |a Asian business & management 
264 1 |a New York  |b Palgrave Macmillan  |c 2017 
773 0 |w eu_un_cat*0082092 
774 0 |w eu_un_cat*0282157